Загрузка...

Adi Sankara`s vision of reality: a discovery of truths hitherto unknown/

Библиографические подробности
Главный автор: Panoli, V.
Формат: Printed Book
Опубликовано: Kozhikode: Mathrubhumi, 1999.
Предметы:
LEADER 008490000a22001810004500
999 |c 30670  |d 30670 
020 |a 9788182647640 
082 |a 181.482  |b  N9 
100 |a Panoli, V.  |9 56846 
245 |a Adi Sankara`s vision of reality:   |b a discovery of truths hitherto unknown/  |c V Panoli. 
260 |a Kozhikode:   |b Mathrubhumi,  |c 1999. 
300 |a 334 p. 
650 |a Advaita-History and criticism.  |9 56847 
650 |a Philosophy, Hindu.  |9 46913 
650 |a Sankaracharya-Philosophy.  |9 56848 
942 |c BK 
952 |0 0  |1 0  |4 0  |6 181_482000000000000_N9  |7 0  |8 ENG  |9 30704  |a MGUL  |b MGUL  |d 2013-07-16  |e Rs.175/-  |l 0  |o 181.482 N9  |p G00336  |r 2013-07-16  |w 2013-07-16  |y BK 
952 |0 0  |1 0  |4 0  |6 181_482000000000000_N91  |7 0  |9 116478  |a MGUL  |b MGUL  |c GEN  |d 2016-11-24  |e Mathrubhumi Books Bill No 23 dated 18.05.2016  |g 220.00  |l 3  |m 2  |o 181.482 N9;1  |p 55871  |r 2020-08-04  |s 2019-06-07  |y BK  |z 2nd ed. -2009